Statystyki dla Quiz o disco polo

Kliknij tutaj aby rozwiązać quiz!

Ogólne statystyki

  • Ten quiz został rozwiązany 448 razy
  • Średni wynik to 7 z 17

Statystyki odpowiedzi

PodpowiedźOdpowiedź% Poprawnych
Kto odkąd zobaczył zielone oczy oszalał?Akcent
93%
Kto chciał oblewać się szmapanem w Zakopanem?Sławomir
92%
Kto śpiewał o szalonej osobie?Boys
66%
Kto mówił że mama ostrzegała?Daj To Głośniej
65%
Kto kocha oczy żony do szaleństwa i do wieczora?Masters
60%
Kto śpiewał o tym że to nie przyjaźni tylko miłości?Classic
53%
Kto dla kogo tańczyWeekend
50%
Kto ma małą blondyneczkę?Bayer full
49%
Kto śpiewał o kolorowej sukience?Long & Junior
46%
Kto tańczy z nim do rana?Mejk
41%
Kto śpiewa o kobiecie która mówi tak, a potem nie?Power Play
32%
Kto śpiewał aby brać co się chce?Shazza
31%
Kto prosi o danie tej jednej nocy?Bolter
22%
Kto ma nadzieję?Skaner
21%
Kto śpiewa że jest jego i kocha ją?After party
15%
Kto chce tańczyć póki lato trwa?ShanteL
10%
Kto śpiewa o polskich dziewczynachMilano
4%

Rozkład punktacji

Percentyl według liczby udzielonych odpowiedzi

Procent ludzi z każdym wynikiem

Twoja historia wyników

Nie rozwiązałeś tego quizu